Public Administration in theory and practice (Record no. 358)

MARC details
000 -LEADER
fixed length control field 00468nam a22001697a 4500
005 - DATE AND TIME OF LATEST TRANSACTION
control field 20180425112835.0
008 - FIXED-LENGTH DATA ELEMENTS--GENERAL INFORMATION
fixed length control field 160430b xxu||||| |||| 00| 0 eng d
020 ## - INTERNATIONAL STANDARD BOOK NUMBER
ISBN 81-297-0316-5
041 ## - LANGUAGE CODE
Language code of text/sound track or separate title eng
082 ## - DEWEY DECIMAL CLASSIFICATION NUMBER
Item number 1002
Classification number 351
100 ## - MAIN ENTRY--AUTHOR NAME
Personal name COXIII, RAYMOND , BUCK, SUSAN J AND MORGAN, BETTY N
245 ## - TITLE STATEMENT
Title Public Administration in theory and practice
260 ## - PUBLICATION, DISTRIBUTION, ETC. (IMPRINT)
Place of publication New Delhi
Name of publisher Pearson Education,
Year of publication 2004
300 ## - PHYSICAL DESCRIPTION
Number of Pages 281
650 ## - SUBJECT ADDED ENTRY--TOPICAL TERM
Topical Term Management
942 ## - ADDED ENTRY ELEMENTS (KOHA)
Koha item type Books
Holdings
Lost status Damaged status Home library Current library Shelving location Date acquired Cost, normal purchase price Full call number Accession Number Koha item type
    JRU Library   SHELF-30-I 30/04/2016 195.00 351 1002 Books